000 00582nam a2200157 4500
999 _c7368
_d7368
008 170822b xxu||||| |||| 00| 0 eng d
022 _a16565541
082 _aDPer 641.05 F73 Dec 2012-Nov 2013 v. 9-10, n. 6-5
100 _922397
_aGuevarra, Myjel Alinea.
245 _aThe flaky phenomenon/
_cMyjel Alinea Guevarra.
260 _aMakati City, Philippines:
_bHinge Inquirer Publications, Inc.,
_c©2012-2013.
300 _av10 n5, pages 60-61:
_billustrations;
_c28 cm.
500 _aFood and beverages: make a living with food.
650 0 _922398
_aDesserts
942 _2ddc
_cPER